[Event "AUTO-OPEN-3590"]
[Site "http://www.queenalice.com/game.php?id=1401697"]
[Date "2016.1.1"]
[Round "1"]
[White "holandes"]
[Black "RValerio"]
[Result "1-0"]
[WhiteElo "1955"]
[BlackElo "1596"]

1. e4 e5 2. Bc4 f5 3. d3 Nf6 4. Bg5 h6 5. Bxf6 Qxf6 6. Nf3 Bc5 7. Nc3 c6 8. Na4
Bxf2+ 9. Kxf2 b5 10. Bb3 bxa4 11. Bxa4 1-0

[Event "AUTO-OPEN-3590"]
[Site "http://www.queenalice.com/game.php?id=1401698"]
[Date "2016.1.1"]
[Round "1"]
[White "RValerio"]
[Black "holandes"]
[Result "0-1"]
[WhiteElo "1594"]
[BlackElo "1957"]

1. f4 c5 2. Nf3 d5 3. e4 d4 4. Bc4 Bg4 5. O-O h6 6. d3 a6 7. h3 Bh5 8. g4 Bg6 9.
f5 Bh7 10. e5 Nc6 11. e6 f6 12. a4 Qc7 0-1

[Event "AUTO-ADV-3564"]
[Site "http://www.queenalice.com/game.php?id=1402290"]
[Date "2016.1.4"]
[Round "1"]
[White "BOTAFOGONISSO"]
[Black "RValerio"]
[Result "1-0"]
[WhiteElo "1738"]
[BlackElo "1664"]

1. e4 e5 2. Nf3 f5 3. d3 d6 4. Nc3 Nf6 5. h3 Nc6 6. Bg5 h6 7. Bxf6 Qxf6 8. Nd5
Qf7 9. Nh4 fxe4 10. dxe4 Be6 11. Bc4 Na5 12. Nxc7+ Qxc7 13. Bxe6 Qe7 14. Ng6
Qxe6 15. Nxh8 g6 16. Qd5 Qxd5 17. exd5 Nc4 18. Nxg6 Kf7 19. Nh4 Nxb2 20. Rb1 1-0

[Event "AUTO-ADV-3564"]
[Site "http://www.queenalice.com/game.php?id=1402291"]
[Date "2016.1.4"]
[Round "1"]
[White "RValerio"]
[Black "BOTAFOGONISSO"]
[Result "0-1"]
[WhiteElo "1651"]
[BlackElo "1751"]

1. e4 e5 2. Nf3 Nc6 3. c3 a6 4. d4 d6 5. Bc4 h6 6. dxe5 Na5 7. Bd3 dxe5 8. O-O
Nc6 9. Be3 Nf6 10. Qc2 Ng4 11. Nbd2 b5 12. h3 Nxe3 13. fxe3 b4 14. Rac1 Bb7 15.
c4 a5 16. c5 a4 17. b3 a3 18. Nc4 Bxc5 19. Ncxe5 Bxe3+ 20. Kh1 Nxe5 0-1

[Event "AUTO-ADV-3564"]
[Site "http://www.queenalice.com/game.php?id=1402306"]
[Date "2016.1.4"]
[Round "1"]
[White "RValerio"]
[Black "Nille"]
[Result "0-1"]
[WhiteElo "1391"]
[BlackElo "1916"]

1. e4 e5 2. Nf3 d6 3. d4 exd4 4. Bc4 h6 5. c3 Nf6 6. O-O dxc3 7. e5 cxb2 8. Bxb2
Ng4 9. exd6 Bxd6 10. Re1+ Be6 11. Bxe6 O-O 12. Bxg4 Nc6 13. Nc3 a6 14. a3 b5 15.
Rc1 Ne7 16. Nd5 Nxd5 17. Qd4 Nf6 18. Ne5 Nxg4 19. Qxg4 f6 20. Qe6+ Kh7 21. Qf5+
Kg8 22. Qe6+ Kh7 23. Qf5+ Kg8 24. Qe6+ Kh8 25. Ng6+ Kh7 26. Nxf8+ Qxf8 27. Re3
a5 28. Qf5+ Kh8 29. g3 b4 30. axb4 axb4 31. Rce1 Qf7 32. f4 c5 33. Re6 Rd8 34.
Qe4 Bf8 0-1

[Event "AUTO-ADV-3564"]
[Site "http://www.queenalice.com/game.php?id=1402307"]
[Date "2016.1.4"]
[Round "1"]
[White "Nille"]
[Black "RValerio"]
[Result "1-0"]
[WhiteElo "1918"]
[BlackElo "1389"]

1. e4 e5 2. Nf3 f5 3. exf5 e4 4. Nd4 Nf6 5. Bc4 d5 6. Bb3 c5 7. Ne6 Bxe6 8. fxe6
a6 9. d3 Qe7 10. dxe4 Qxe6 11. Bxd5 Nxd5 12. Qxd5 Qxd5 13. exd5 Bd6 14. Nc3 O-O
15. Be3 b5 16. Ne4 Be5 17. c3 c4 18. O-O Nd7 19. f4 Bf6 20. Nxf6+ Nxf6 21. d6
Nd7 22. Rad1 Rae8 23. Bd4 Re2 24. Rb1 Rf5 25. g3 Rd5 26. Rfe1 Rxe1+ 27. Rxe1
Rxd6 28. Re7 Nf6 29. Ra7 Re6 30. Be5 h5 31. Kg2 Ng4 32. Rxg7+ Kf8 33. Ra7 Nxe5
34. fxe5 Rxe5 35. Rxa6 1-0

[Event "AUTO-ADV-3564"]
[Site "http://www.queenalice.com/game.php?id=1402308"]
[Date "2016.1.4"]
[Round "1"]
[White "RValerio"]
[Black "C5"]
[Result "0-1"]
[WhiteElo "1533"]
[BlackElo "1825"]

1. g4 e5 2. Bg2 c6 3. c4 d6 4. Qb3 a6 5. Nc3 Qd7 6. h3 h6 7. d3 Nf6 8. Bd2 Be7
9. O-O-O Qe6 10. Be4 Nbd7 11. f4 d5 12. cxd5 cxd5 13. f5 Qb6 14. Qxb6 Nxb6 15.
Bg2 Bd7 16. Nf3 Bd6 17. e4 d4 18. Ne2 Rc8+ 19. Kb1 O-O 20. g5 hxg5 21. Nxg5 Nh7
22. h4 Be7 0-1

[Event "AUTO-ADV-3564"]
[Site "http://www.queenalice.com/game.php?id=1402309"]
[Date "2016.1.4"]
[Round "1"]
[White "C5"]
[Black "RValerio"]
[Result "1-0"]
[WhiteElo "1818"]
[BlackElo "1672"]

1. e4 e5 2. Nf3 f5 3. Nxe5 Nc6 4. Qh5+ g6 5. Nxg6 Nf6 6. Qh4 hxg6 7. Qxh8 Qe7 8.
Nc3 fxe4 9. Be2 Ne5 10. Qh4 Qf7 11. Nxe4 Be7 12. Qh8+ Qg8 13. Nxf6+ 1-0

[Event "AUTO-ADV-3566"]
[Site "http://www.queenalice.com/game.php?id=1402940"]
[Date "2016.1.7"]
[Round "1"]
[White "Andrez"]
[Black "RValerio"]
[Result "1-0"]
[WhiteElo "2032"]
[BlackElo "1537"]

1. g4 g6 2. Bg2 Bg7 3. d3 c5 4. g5 d5 5. h4 Nc6 6. f4 Bf5 7. Nc3 Qa5 8. Bd2 d4
9. Ne4 Qb6 10. b3 e6 11. h5 h6 12. Nd6+ Ke7 13. Nxf5+ exf5 14. hxg6 fxg6 15. Nf3
1-0

[Event "AUTO-ADV-3566"]
[Site "http://www.queenalice.com/game.php?id=1402941"]
[Date "2016.1.7"]
[Round "1"]
[White "RValerio"]
[Black "Andrez"]
[Result "0-1"]
[WhiteElo "1535"]
[BlackElo "2034"]

1. e4 e5 2. f4 exf4 3. Nf3 d6 4. d4 Bg4 5. h3 Bxf3 6. Qxf3 Nc6 7. Bxf4 Nxd4 8.
Qd3 Ne6 9. Be3 Nf6 10. Nd2 a6 11. O-O-O Nd7 12. g4 Ne5 13. Qd5 Be7 14. Qxb7 O-O
0-1

[Event "AUTO-OPEN-3597"]
[Site "http://www.queenalice.com/game.php?id=1403729"]
[Date "2016.1.11"]
[Round "1"]
[White "roli68"]
[Black "RValerio"]
[Result "1-0"]
[WhiteElo "1695"]
[BlackElo "1630"]

1. e4 f5 2. e5 Kf7 3. d4 d5 4. c4 e6 5. Qh5+ g6 6. Qh3 Nc6 7. Nf3 b6 8. Ng5+ Kg7
9. Qf3 Nxd4 10. Qd3 c5 11. h4 1-0